Management of higher education institutions Human resources developmet and management
Tài liệu là các bản sao chụp khác nhau nói về các lĩnh vực quản lí trong trường Đại học được đóng thành một tập.
Gespeichert in:
| 1. Verfasser: | |
|---|---|
| Format: | Buch |
| Sprache: | Undetermined |
| Veröffentlicht: |
Galillee College
|
| Schlagworte: | |
| Tags: |
Tag hinzufügen
Keine Tags, Fügen Sie den ersten Tag hinzu!
|
| Thư viện lưu trữ: | Trung tâm Học liệu Trường Đại học Cần Thơ |
|---|
| LEADER | 00720nam a2200181Ia 4500 | ||
|---|---|---|---|
| 001 | CTU_44191 | ||
| 008 | 210402s9999 xx 000 0 und d | ||
| 082 | |a 378.1 | ||
| 082 | |b M266g | ||
| 100 | |a Gadi Harel | ||
| 245 | 0 | |a Management of higher education institutions | |
| 245 | 0 | |b Human resources developmet and management | |
| 245 | 0 | |c Gadi Harel | |
| 260 | |b Galillee College | ||
| 520 | |a Tài liệu là các bản sao chụp khác nhau nói về các lĩnh vực quản lí trong trường Đại học được đóng thành một tập. | ||
| 650 | |a universities and colleges | ||
| 904 | |i Nguyễn Quang Điền, 010911 | ||
| 980 | |a Trung tâm Học liệu Trường Đại học Cần Thơ | ||